01850naa a22003617a 4500001001000000003000900010005001700019007000300036008003400039040005400073041000900127072004300136090001800179100001600197100002100213111014200234245018000376246016100556246010200717260003600819500016200855650002301017650000901040650001601049650000901065650001801074650001901092773015901111909003601270942001401306999001901320952014901339BR8500430BR-BrBNA20240918175510.0ta230509b bl.||||| |||| 00| 0 por d aBR-BrBNAbporcBiblioteca Nacional de Agricultura a(Pt) aK10; F50b3530b2140b3290b3140bG514 aK10 BR85004301 aSeitz, R.A.1 aCorvello, W.B.V.1 aSimposio Internacional: Metodos de Producao e Controle de Qualidade de Sementes e Mudas FlorestaiscCuritiba, PR (Brazil)d19-23 Mar 19841 aQualidade de mudas obtidas na regeneracao natural [morfologia vegetal, mate, Ilex paraguariensis, Canela guaica, Ocotea puberula, pinheiro bravo, Podocarpus lambertii, Brasil]1 aQuality of planting stock from natival regeneration [plant production, plant morphology, Ilex paraguariensis, Ocotea puberula, Podocarpus lambertii, Brazil]1 aInternational symposium: methods for production and quality control of forest seeds and seedlings3 aCuritiba, PR (Brasil): c1984.  aSimposio internacional: metodos de producao e controle de qualidade de sementes e mudas florestais Curitiba, PR (Brasil): 1984. p. 392-402 (BR8500430-AM)K10  aMORFOLOGIA VEGETAL aMUDA aREGENERACAO aMATE aCANELA GUAICA aPINHEIRO BRAVO0 tSimposio internacional: metodos de producao e controle de qualidade de sementes e mudas florestaiswK10 BR8500430gCuritiba, PR (Brasil), 1984. p. 392-402 a202404bLuciac55dLucia Elande cAM2AGRIS c317012d317012 002AGRIS40708Acervo Gerala41918b41918cAgrobasel0o3575 BR8500403r2024-05-20t01yAM10d2024-04-11ePortaria Interministerial nÂș 164/94